000 00389nam a22001457a 4500
008 250513b |||||||| |||| 00| 0 eng d
020 _a9781471839573
050 _aTX820
_b.F47
100 _aFoskett, David
245 _aPractical Cookery for Level 2, NVQS and Apprenticeship
260 _aLondon
_bHodder Education
_c2018
300 _axii, 636p.
_bill.
650 _aCooking
942 _cBK
999 _c3451
_d3451